<?xml version="1.0" encoding="UTF-8"?>
<record
    xmlns:xsi="http://www.w3.org/2001/XMLSchema-instance"
    xsi:schemaLocation="http://www.loc.gov/MARC21/slim http://www.loc.gov/standards/marcxml/schema/MARC21slim.xsd"
    xmlns="http://www.loc.gov/MARC21/slim">

  <leader>00979nam a2200229Ia 4500</leader>
  <controlfield tag="003">IN-BaIIA</controlfield>
  <controlfield tag="008">211028s9999    xx            000 0 eng d</controlfield>
  <datafield tag="020" ind1=" " ind2=" ">
    <subfield code="a">978-0-521-89784-6</subfield>
  </datafield>
  <datafield tag="040" ind1=" " ind2=" ">
    <subfield code="c">IIA Library</subfield>
  </datafield>
  <datafield tag="080" ind1=" " ind2=" ">
    <subfield code="a">523.4(082.1)</subfield>
    <subfield code="b">DEC</subfield>
  </datafield>
  <datafield tag="111" ind1=" " ind2=" ">
    <subfield code="a">Space Telescope Science Institute Symposium</subfield>
    <subfield code="c">Maryland</subfield>
    <subfield code="d">2008 May 2- 5</subfield>
    <subfield code="9">31987</subfield>
  </datafield>
  <datafield tag="245" ind1=" " ind2="2">
    <subfield code="a">A decade of extrasolar planets around normal stars</subfield>
    <subfield code="b">proceedings of the space telescope science institute symposium, held in Baltimore, Maryland, May 2- 5 , 2008</subfield>
    <subfield code="c">edited by Mario Livio, Kailash Sahu and Jeff Valenti                                              </subfield>
  </datafield>
  <datafield tag="260" ind1=" " ind2=" ">
    <subfield code="a">Cambridge</subfield>
    <subfield code="b">Cambridge University Press</subfield>
    <subfield code="c">2008</subfield>
  </datafield>
  <datafield tag="300" ind1=" " ind2=" ">
    <subfield code="a">xi, 183p.</subfield>
  </datafield>
  <datafield tag="490" ind1=" " ind2=" ">
    <subfield code="a">Space telescope science institute symposium series; 19</subfield>
  </datafield>
  <datafield tag="650" ind1=" " ind2=" ">
    <subfield code="a">Extrasolar planets</subfield>
    <subfield code="9">3586</subfield>
  </datafield>
  <datafield tag="650" ind1=" " ind2=" ">
    <subfield code="a">Planetory migration</subfield>
    <subfield code="9">31988</subfield>
  </datafield>
  <datafield tag="700" ind1=" " ind2=" ">
    <subfield code="a">Livio, Mario, ed.</subfield>
    <subfield code="9">13149</subfield>
  </datafield>
  <datafield tag="700" ind1=" " ind2=" ">
    <subfield code="a">Sahu, Kailash, ed.</subfield>
    <subfield code="9">25020</subfield>
  </datafield>
  <datafield tag="700" ind1=" " ind2=" ">
    <subfield code="a">Valenti, Jeff, ed.</subfield>
    <subfield code="9">31989</subfield>
  </datafield>
  <datafield tag="942" ind1=" " ind2=" ">
    <subfield code="c">BK</subfield>
  </datafield>
  <datafield tag="999" ind1=" " ind2=" ">
    <subfield code="c">17023</subfield>
    <subfield code="d">17023</subfield>
  </datafield>
  <datafield tag="952" ind1=" " ind2=" ">
    <subfield code="0">0</subfield>
    <subfield code="1">0</subfield>
    <subfield code="4">0</subfield>
    <subfield code="7">0</subfield>
    <subfield code="a">BAN</subfield>
    <subfield code="b">BAN</subfield>
    <subfield code="c">GEN</subfield>
    <subfield code="d">2008-08-25</subfield>
    <subfield code="e">VIS   </subfield>
    <subfield code="g">5728.80</subfield>
    <subfield code="l">0</subfield>
    <subfield code="o">523.4(082.1)/ DEC</subfield>
    <subfield code="p">17945</subfield>
    <subfield code="r">2021-11-05</subfield>
    <subfield code="v">5728.80</subfield>
    <subfield code="w">2008-08-25</subfield>
    <subfield code="y">BK</subfield>
    <subfield code="G">Rs. 5728.80  </subfield>
  </datafield>
</record>
